Literary Grab Bag Quiz Stats

 Plays Quiz Updated Jun 7, 2012

Also try: Named Books
Challenge
Share
Tweet
Embed
Score 0/44 Timer 12:00
0 Plays Today
Word Work % Correct
ANDPride and Prejudice
89.1%
LITTLELittle Women
87.2%
KINGKing Lear
85.9%
ANDRomeo and Juliet
82.6%
TOMThe Adventures of Tom Sawyer
80.9%
TALEA Tale of Two Cities
80.3%
SEAThe Old Man and the Sea
79.3%
ANDWar and Peace
79.1%
ANDAngels and Demons
76.4%
TOMUncle Tom's Cabin
72.6%
KINGThe Return of the King
71.6%
TALECanterbury Tales
71%
LITTLELittle House on the Prairie
69%
ANDCrime and Punishment
64.9%
ROADOn the Road
63.5%
SEA20,000 Leagues Under the Sea
60.2%
HOUSESlaughterhouse-Five
50.9%
TALEThe Tale of Peter Rabbit
49.3%
HOUSEBleak House
47.7%
LITTLEStuart Little
46.5%
LITTLEThe Little Prince
45.3%
TALEThe Tell-Tale Heart
40.2%
Word Work % Correct
LITTLELittle Dorrit
38.4%
TALEWinter's Tale
35.4%
HOUSEFall of the House of Usher
35.1%
ROADThe Road to Oz
33.6%
KINGA Connecticut Yankee in King Arthur's Court
32.2%
ROADThe Road Not Taken
30.1%
TOMTom Jones
30%
HOUSEThe Cider House Rules
26.4%
ANDThe Pit and the Pendulum
26.1%
HOUSEThe House of the Seven Gables
25.9%
KINGAll the King's Men
24.9%
SEAWide Sargasso Sea
18.7%
SEAThe Sea Wolf
15.6%
KINGThe Man Who Would be King
15%
KINGKing Solomon's Mines
11.3%
TALELeatherstocking Tales
10.9%
ROADRevolutionary Road
10.3%
ROADTobacco Road
9.9%
TOMTom Brown's School Days
6.2%
LITTLEGod's Little Acre
4.9%
SEAThe Sea Around Us
3.9%
TOMTom Swift and His Motorcycle
3.2%

You're not logged in!

Compare scores with friends on all Sporcle quizzes.
Join for Free
OR
Log In

You Might Also Like...

Show Comments

Extras

Top Quizzes Today


Score Distribution

Your Account Isn't Verified!

In order to create a playlist on Sporcle, you need to verify the email address you used during registration. Go to your Sporcle Settings to finish the process.

Report this User

Report this user for behavior that violates our Community Guidelines.

Details: